[Event "GER-chT3 West (Women) 0405"]
[Site "Germany"]
[Date "2005.01.09"]
[Round "3.4"]
[White "Schracke, Nadine"]
[Black "Wegner, Verena"]
[Result "0-1"]
[WhiteElo "1508"]
[BlackElo "1780"]
[PlyCount "64"]
[EventDate "2004.11.07"]
[EventType "team"]
[EventRounds "5"]
[EventCountry "GER"]
[SourceTitle "EXT 2006"]
[Source "ChessBase"]
[SourceDate "2005.11.24"]
[SourceVersion "1"]
[SourceVersionDate "2005.11.24"]
[SourceQuality "1"]
[WhiteTeam "Eschborn (W)"]
[BlackTeam "Heiden (W)"]
[WhiteTeamCountry "GER"]
[BlackTeamCountry "GER"]

1. e4 c5 2. Nc3 Nc6 3. f4 e6 4. Nf3 d5 5. Bb5 Nge7 6. e5 Bd7 7. b3 a6 8. Bxc6 Nxc6 9. 0-0 b5 10. Kh1 g6 11. Qe1 Bg7 12. Nd1 0-0 13. Bb2 Nb4 14. Qf2 d4 15. c3 Nd3 16. Qg3 dxc3 17. dxc3 Bc6 18. Bc1 Nxc1 19. Rxc1 Bxf3 20. Rxf3 Qd2 21. Ra1 Rfd8 22. Kg1 Bf8 23. h3 c4 24. b4 a5 25. bxa5 Rxa5 26. Nf2 Bc5 27. Kh2 Rxa2 28. Ne4 Rxa1 29. Nxd2 Bg1+ 30. Kh1 Bf2+ 31. Kh2 Bxg3+ 32. Kxg3 Rxd2 0-1